Percy Jackson and the Battle of the Labyrinth - Statistics

General Stats
  • This quiz has been taken 141 times
    91 since last reset
  • The average score is 29 of 50
Answer Stats
Hint Answer % Correct
Name of Sally Jackson's boyfriend who works there. Paul Blofis
95%
Red-headed girl Percy sees whom he had previously met at Hoover Dam. Rachel Elizabeth Dare
94%
Name of Grover Underwood's wood-nymph girlfriend. Juniper
91%
Name of his giant pet Hellhound. Mrs. O'Leary
89%
Senior Empousai posing as cheerleader. Kelli
86%
Two-headed God of Choices that the group encounters. Janus
85%
Demigod son of Hermes who lost his mind in the Labyrinth. Chris Rodriguez
80%
Name of the new Swordsman trainer at Camp Half-Blood. Quintus
78%
Beautiful daughter of Atlas who lives there. Calypso
76%
Lost God who Grover is trying to seek in the Labyrinth. Pan
76%
Hekatonkheires (Hundred-Handed One) that is imprisoned at Alcatraz. Briares
75%
Creature that forces Annabeth to undergo a "riddle" test. Sphinx
75%
God that send Percy and Annabeth on a quest to find out who keeps breaking into his forges. Hephaestus
73%
Goddess who intervenes and grants the group one wish. Hera
73%
Inventor's son who flew too close to the sun and plummeted to his death. Icarus
73%
Ghostly King who seeks revenge against the creator of the Labyrinth. King Minos
73%
Inventor of the Labyrinth that appears in Percy's dreams. True identity of Quintus. Daedalus
72%
Unusual power she possesses that helps them through the labyrinth. The Sight
72%
Demigod who is given the quest to go into the Labyrinth and find its creator. Annabeth Chase
67%
Son of Nemesis that Percy fights in the Arena. Ethan Nakamura
66%
Possessed demigod that Percy discovers when he opens the Golden Sarcophagus of Kronos. Luke Castellan
66%
Powerful half-blood that the group find at Triple-G Ranch. Nico di Angelo
66%
Powerful monstrous being that was awakened by the explosion Percy caused at the volcano. Typhon
66%
Vengeful goddess who branded her son the Inventor with a murderer's insignia after letting his nephew die. Athena
59%
The _____ of Athena's final stand. child
59%
You shall rise or fall by the _____ king's hand, ghost
59%
Pile of rocks where Percy and Annabeth find the entrance to the Labyrinth. Zeus' Fist
59%
Destroy with a hero's _____ breath, final
57%
Name of his fearsome jailer who has snakes for hair and a dragon's body. Kampê
57%
Mythical remote island Percy finds himself stranded on. Ogygia
57%
Three-Bodies monster who runs the Triple-G Ranch. Geryon
54%
You shall delve in the darkness of the endless ____, maze
52%
Junior Empousai killed by Percy in the band room. Tammi
52%
Present Poseidon gives Percy on his Fifteenth Birthday. Sand Dollar
51%
Name of High School where Percy attends Orientation Day. Goode High School
48%
Name of Council of Satyrs that Grover is called before to decide if he keeps his searcher's license. Council of Cloven Elders
47%
And lose a ____ to worse than death. love
46%
Fatal flaw of children of Hades. Holding Grudges
43%
Dog-faced seal like creatures that they discover there. Telkhines
39%
Percy must clean the filthy stables of these animals. Flesh Eating Horses
37%
The dead, the _______, and the lost one raise. traitor
37%
Mountain that serves as one of the god's forges. Mt St. Helens
35%
What the whistle that Quintus gives Percy is made out of. Stygian Ice
32%
Inventor's nephew who was indirectly killed by his jealous Uncle. Perdix
29%
Magical item sought by Luke that helped Theseus through the original Labyrinth. Ariadne's String
28%
Son of Gaia and Poseidon that rules the arena. Antaeus
25%
Plant she gives Percy to take back to Manhattan. Moonlace
22%
His immortal herdsman, demigod son of Ares. Eurytion
20%
Two-headed watchdog at the Triple-G Ranch. Orthrus
19%
A favourite location of the Inventor's workshop, located in Colorado Springs. Rachel, Percy, and Annabeth escape here when the workshop is attacked. Garden of the Gods
11%
No matching quizzes found
Score Distribution
Percent of People with Each Score
Percentile by Number Answered
Your Score History
You have not taken this quiz since the last reset